| 000 | 01011nam a2200301 4500 | ||
|---|---|---|---|
| 001 | 46031 | ||
| 010 | _a9727597335 | ||
| 021 | _b210782/04 | ||
| 090 | _a46031 | ||
| 100 | _a20050510d2004 m y0pory5003 ba | ||
| 101 | 0 | _apor | |
| 102 | _aPT | ||
| 200 | 1 |
_aConversas com Álvaro Cunhal _fMaria João Avilez _gfot. Rui Ochôa _grev. Antonio José Massano _ee outras lembranças |
|
| 205 | _a1.ª ed. | ||
| 210 | 9 |
_aLisboa _cTemas & Debates, _d2004 |
|
| 215 |
_a242 p., [8] p. il. _cil. _d24 cm |
||
| 600 | 1 |
_aCunhal, _bÁlvaro, _f1913-2005 |
|
| 601 | 0 | 2 | _aPartido Comunista Portugês |
| 607 |
_aPortugal _xPolítica interna _z1974-2000 _x[Entrevistas] |
||
| 675 |
_a32Cunhal, Álvaro (047.53) _vBN _zpor |
||
| 675 |
_a323.2(469)"1974/2000"(047.53) _vBN _zpor |
||
| 675 |
_a329(469)"1974/2000"(047.53) _vBN _zpor |
||
| 700 | 1 |
_aAvilez, _bMaria João, _f1945- |
|
| 702 | 1 |
_aOchoa, _bRui, _f1948- _4600 |
|
| 702 | 1 |
_aMassano, _bAntónio José _4675 |
|
| 702 | 1 |
_aCunhal, _bÁlvaro, _f1913-2005 _4460 |
|
| 801 |
_aPT _gRPC |
||
| 990 | _cLIVROS | ||